000 00195nam a22000977a 4500
041 _aENG
245 _aOperations Manual
260 _aIndia
_bWotr
_c1996
650 _aSWCE
856 _uSWCE ( 06 )
999 _c2566
_d2566